| 000 | 01139nam a22002657a 4500 | ||
|---|---|---|---|
| 999 |
_c64259 _d64259 |
||
| 005 | 20240530110722.0 | ||
| 008 | 180402s2017 ua abh g b 000 0 ara d | ||
| 017 |
_a2015/15924 _bمصر. دار الكتب |
||
| 020 | _a9789774952258 | ||
| 040 |
_aEG-CaGPL _cEG-CaGPL |
||
| 082 | 0 | 4 |
_221 _a953.0721 / _bع إ |
| 100 | 0 | _aعوض الشرقاوى | |
| 245 | 1 | 0 |
_aاباضية جبل نفوسة فى القرنين الثانى والثالث الهجريين : _bدراسة تاريخية / _cتاليف عوض الشرقاوى |
| 250 | _aط.1 | ||
| 260 |
_aالقاهرة : _bدار العالم العربى ، _c2017. |
||
| 300 |
_a246 ص. : _bايض ؛ _c24 سم. |
||
| 490 | 0 | _aصفحات جديدة من التاريخ الاسلامى. | |
| 504 | _aيشتمل على ارجاعات ببليوجرافية | ||
| 650 | 0 | 7 |
_2qrmak _aالاباضية |
| 650 | 0 | 7 |
_2qrmak _aجبل نفوسة _zالمغرب |
| 651 | 0 | 7 |
_2qrmak _aالمغرب _xتاريخ _yالعصر الاسلامى 647 - 1912م |
| 651 | 0 | 7 |
_2qrmak _aالمغرب _xالاحوال السياسية |
| 942 |
_2ddc _cBK |
||